000 01002cam a2200289 i 4500
001 689555
003 EG-ScBUE
005 20260106101506.0
008 960315s1997 nyua b 001 0 eng
020 _a039304002X
020 _a9780393040029
040 _aDLC
_beng
_erda
_cDLC
_dDLC
_dEG-ScBUE
082 0 4 _a510.9
_222
_bGUL
100 1 _aGullberg, Jan,
_eauthor.
_923145
245 1 0 _aMathematics :
_bfrom the birth of numbers /
_cJan Gullberg ; technical illustrations, Par Gullberg.
264 1 _aNew York :
_bW.W. Norton,
_c1997.
300 _axxii, 1093 pages :
_billustrations ;
_c27 cm
336 _2rdacontent
_atext
_btxt
337 _aunmediated
_2rdamedia
_bn
338 _avolume
_bnc
_2rdacarrier
504 _aIncludes bibliographical references and index.
650 0 _aMathematics.
_2BUEsh
_923146
653 _cApril2011
655 _vReading book
942 _2ddc
_cBB
999 _c15133
_d15133